Martí y Venezuela / (Record no. 6408)
[ view plain ]
| 000 -CABECERA | |
|---|---|
| campo de control de longitud fija | 00664cam a2200193 a 4500 |
| 001 - NÚMERO DE CONTROL | |
| campo de control | 000006618 |
| 005 - FECHA Y HORA DE LA ÚLTIMA TRANSACCIÓN | |
| campo de control | 20200929153948.0 |
| 008 - DATOS DE LONGITUD FIJA--INFORMACIÓN GENERAL | |
| campo de control de longitud fija | 790419s1978 ve 000 0 spa |
| 035 ## - NÚMERO DE CONTROL DEL SISTEMA | |
| Número de control de sistema | (DLC) 79107825 |
| 040 ## - FUENTE DE LA CATALOGACIÓN | |
| Centro catalogador/agencia de origen | DO-SdBNP |
| Centro/agencia transcriptor | DLC |
| Centro/agencia modificador | DLC |
| -- | BNPHU |
| 082 ## - NÚMERO DE LA CLASIFICACIÓN DECIMAL DEWEY | |
| Número de clasificación | 928.61 |
| Número de documento/Ítem | M378A |
| 049 ## - FONDOS LOCALES (OCLC) | |
| Fondos de biblioteca | BNGR |
| 100 1# - ENTRADA PRINCIPAL--NOMBRE DE PERSONA | |
| Nombre de persona | Álvarez Echezarreta, Aurelio |
| 9 (RLIN) | 18364 |
| 245 10 - MENCIÓN DE TÍTULO | |
| Título | Martí y Venezuela / |
| Mención de responsabilidad, etc. | Aurelio Álvarez Echezarreta. |
| 260 ## - PUBLICACIÓN, DISTRIBUCIÓN, ETC. | |
| Lugar de publicación, distribución, etc. | [Venezuela] : |
| Nombre del editor, distribuidor, etc. | Departamento Oficial de Información Pública : |
| -- | Sección de Publicaciones, |
| Fecha de publicación, distribución, etc. | [1978]. |
| 300 ## - DESCRIPCIÓN FÍSICA | |
| Extensión | 129 p. : ; |
| Dimensiones | 23 cm. |
| 600 10 - PUNTO DE ACCESO ADICIONAL DE MATERIA--NOMBRE DE PERSONA | |
| Nombre de persona | MARTÍ Y PÉREZ, JOSÉ JULIÁN |
| Subdivisión general | BIOGRÁFIA |
| 9 (RLIN) | 18365 |
| 910 ## - DATOS DE OPCIÓN DEL USUARIO (OCLC) | |
| Datos de opción del usuario | Catalogación por copia / LC |
| Estado de retiro | Estado de pérdida | Restricciones de uso | No para préstamo | Código de colección | Localización permanente | Ubicación/localización actual | Ubicación en estantería | Fecha de adquisición | Número de inventario | Total de préstamos | Signatura topográfica completa | Código de barras | Fecha visto por última vez | Precio válido a partir de | Tipo de ítem Koha |
|---|---|---|---|---|---|---|---|---|---|---|---|---|---|---|---|
| Préstamo interno | Monografías: Libros y Folletos | General | General | En catalogación | 01.09.2009 | LF1 | 928.61 M378A | 6618-10 | 25.06.2020 | 25.06.2020 | Préstamo interno |
